| 000 | 00568nam a2200181Ia 4500 | ||
|---|---|---|---|
| 001 | 5423 | ||
| 003 | GE_BSU | ||
| 008 | 181216s||||||||xx |||||||||||||| ||und|| | ||
| 040 | _cGE_BSU | ||
| 080 | _a514.742 | ||
| 100 | _aДубнов Я.С | ||
| 245 | _aОсновы векторного исчисления. Ч.1: Векторная алгебра. Элементы векторного анализа. | ||
| 260 | _aМ-.Л | ||
| 260 | _bГостехиздат | ||
| 260 | _c1950. | ||
| 653 | _aОсновы векторного исчисления. | ||
| 942 | _cBK | ||
| 999 |
_c38968 _d38968 |
||